Statistiques concernant Liste des 23 - Equipe du Portugal - EURO 2016

Cliquez ici pour prendre le quiz!

Statistiques générales

  • Ce quiz a été pris 559 fois
  • Le résultat moyen est 17 sur 24

Statistiques - réponses

PosteNuméroJoueurClubDepuis% Correct
A7Cristiano RonaldoReal Madrid2003
98%
D3PepeReal Madrid2007
97%
G1Rui PatrícioSporting Portugal2010
96%
G12Anthony LopesOlympique lyonnais2015
94%
A9ÉderLille OSC2012
89%
A20Ricardo QuaresmaBeşiktaş2003
89%
M8João MoutinhoAS Monaco2005
85%
M23Adrien SilvaSporting Portugal2014
81%
A17NaniFenerbahçe2006
80%
D5Raphaël GuerreiroFC Lorient2014
80%
M16Renato SanchesBenfica Lisbonne2016
78%
D6Ricardo CarvalhoAS Monaco2003
78%
M14William CarvalhoSporting Portugal2013
78%
D4José FonteSouthampton FC2014
76%
M13Danilo PereiraFC Porto2015
68%
SEL/Fernando Santos/2014
66%
D21Cédric SoaresSouthampton FC2014
62%
D2Bruno AlvesFenerbahçe2007
58%
M10João MárioSporting Portugal2014
54%
M15André GomesValence2014
44%
A18RafaSC Braga2014
43%
D19EliseuBenfica Lisbonne2009
38%
D11VieirinhaVfL Wolfsbourg2013
32%
G22EduardoDinamo Zagreb2009
30%

Distribution des résultats

Percentile par nombre de réponses

% des personnes avec chaque résultat

Votre développement - résultats

Vous n’avez pas pris ce quiz